000 00915cam a22003257a 4500
003 CHAP
005 20220329135101.0
008 971013s1936 r 00010 spa d
010 _a30672
011 _a31644
035 _a35756
040 _cCHAP
082 _a633
_bC8 v.2
100 0 0 _aMarín, Luis.
_971528
245 1 3 _aEl cacaotero
260 _a(San Jacinto) :
_b(s.e.),
_c(1936)
300 _a12 p
490 0 _aCultivos diversos
_v; v.2
500 _aMimeógrafo
501 _aEnc. con otros impresos similares
590 _aBATCH-UPD
_b10
_c20130110
_lUCH01
_h1052
590 _aBATCH-UPD
_b10
_c20130410
_lUCH01
_h0648
590 _aBATCH-UPD
_b10
_c20130914
_lUCH01
_h0803
590 _aCONVERSION
_b10
_c20130109
_lUCH01
_h1317
650 1 4 _aCacao.
_916918
830 0 _aCultivos diversos
_v; v.2
_930375
901 _aBK
942 _cLIBRO
949 _a633 C8 v.2
_bBC
_cBPP
_d-82666
_eBPP
_i35756
_si
999 _c30672
_d30672